Start with D ends with G - Statistics

General Stats
  • This quiz has been taken 23 times
  • The average score is 8 of 14
Answer Stats
Question Answer % Correct
Canine Dog
95%
A small knock on a cars bodywork Ding
86%
Manure Dung
73%
Vietnamese monetary unit Dong
68%
Whilst During
68%
Momentary lapses of concentration in the daytime, when one's mind wanders Daydreaming
64%
____ word, a junior school way of describing a verb Doing
55%
A tongue-in-cheek way of spelling the above answer Dawg
50%
Transvestite artiste Drag
50%
The 'tone' one hears when picking up a telephone receiver Dialling
45%
An establishment where people live Dwelling
45%
The 'thing' Thomas is notorious for Doubting
41%
Cause or leading to ruin, esp in a report for example Damning
5%
A round wooden rod or stick Dowelling
5%
No matching quizzes found
Score Distribution
Percent of People with Each Score
Percentile by Number Answered
Your Score History
You have not taken this quiz